Water management for plantation crops : Problems and prospects (Record no. 43754)

MARC details
000 -LEADER
fixed length control field 00531nam a2200181Ia 4500
082 ## - DEWEY DECIMAL CLASSIFICATION NUMBER
Classification number 633:632.153
Item number SAT
245 #0 - TITLE STATEMENT
Title Water management for plantation crops : Problems and prospects
260 ## - PUBLICATION, DISTRIBUTION, ETC. (IMPRINT)
Place of publication Kozhikode
Name of publisher Centre for water resources development and management
Year of publication 1994
650 ## - SUBJECT ADDED ENTRY--TOPICAL TERM
Topical Term Cardamom
650 ## - SUBJECT ADDED ENTRY--TOPICAL TERM
Topical Term Cashew nut
650 ## - SUBJECT ADDED ENTRY--TOPICAL TERM
Topical Term Coconut
650 ## - SUBJECT ADDED ENTRY--TOPICAL TERM
Topical Term Influence of weather
650 ## - SUBJECT ADDED ENTRY--TOPICAL TERM
Topical Term Micro-irrigation
650 ## - SUBJECT ADDED ENTRY--TOPICAL TERM
Topical Term Spice crops
700 ## - ADDED ENTRY--PERSONAL NAME
Personal name Satheesan, K V
942 ## - ADDED ENTRY ELEMENTS (KOHA)
Koha item type Books
Holdings
Withdrawn status Lost status Damaged status Not for loan Home library Current library Date acquired Source of acquisition Full call number Accession Number Koha item type
        RRII Library RRII Library 16/12/2021 Gift 633:632.153 SAT G00506 Books